| 000 | nam a22 7a 4500 | ||
|---|---|---|---|
| 999 |
_c28627 _d28627 |
||
| 008 | 170310b xxu||||| |||| 00| 0 eng d | ||
| 020 | _a9780471679462 | ||
| 050 | _aHB 171.5 .W45 2007 | ||
| 100 | _aWelch, J. Patrick | ||
| 245 |
_aEconomics : _btheory and practice / _cPatrick J. Welch and Gerry F. Welch. |
||
| 250 | _a8th ed. | ||
| 260 |
_aHoboken : _bJohn Wiley and Sons, _c2007. |
||
| 300 |
_axx, 532p. : _bill. |
||
| 500 | _aIncludes index. | ||
| 700 | _aWelch, Gerry F. | ||
| 942 |
_2lcc _cBOOKS _hHB 171.5 .W45 2007 |
||